| 000 | 00666nam a2200193 i 4500 | ||
|---|---|---|---|
| 001 | 28186 | ||
| 003 | ES-MaACL | ||
| 005 | 20230906153804.0 | ||
| 007 | t| | ||
| 008 | 030116s1959 sp ||||1| spa d | ||
| 100 | 1 |
_aBachmann, Albert. _924479 |
|
| 245 | 1 | 0 |
_aDibujo técnico / _cpor Albert Bachmann y Richard Forberg ; traducción de la 10ª edición alemana por Carlos Sènz de Magarola. |
| 260 |
_aBarcelona : _bLabor, _c1959 ( _fTalls. Gráfs. Iberoamericanos) |
||
| 300 |
_aXV, 261 p. : _bil. ; _c25 cm. |
||
| 700 | 1 |
_aForberg, Richard. _951671 |
|
| 700 | 1 |
_aSáenz de Magarola, Carlos. _9187177 |
|
| 852 |
_aES-MaACL _jC-15793 _bR.43852 |
||
| 999 |
_c28186 _d28186 |
||